01890cam a22004335i 4500999001700000001000900017003000900026005001700035006001900052008004100071020003700112020003400149035002300183040006800206082002000274100003300294245018900327250002000516250003500536264005300571264001000624300008000634336002600714336003800740337002800778337002600806338002700832338003400859500008500893504005100978650002801029650002601057653002301083700004001106700003101146942001201177952013101189952013601320 c28651d2862214814094EG-ScBUE20200902120725.0m||||fq||b 00| 0 070419t20072007maua f b 001 0 eng d a9781418837662 (hbk. student ed.) a1418837660 (hbk. student ed.) a(OCoLC)ocm71891061 aYDXCPbengerdacYDXCPdOCLCQdIAYdOCLCQdBAKERdDLCdEG-ScBUE04a004.21bSAT2221 aSatzinger, John W.,eauthor.10aSystems analysis and design in a changing world /cJohn W. Satzinger, Missouri State University, Robert B. Jackson, Brigham Young University, Stephen D. Burd, University of New Mexico. aFourth edition. aInternational student edition. 1aBoston, MA :bThomson Course Technology,c[2007] 4cc2007 axxxii, 672 pages :billustrations (color) ;c29 cm +e1 CD-ROMs (4 3/4 in.) atextbtxt2rdacontent acomputer programbcop2rdacontent aunmediatedbn2rdamedia acomputerbc2rdamedia avolumebnc2rdacarrier 2computer discacdbrdacarrier aEnclosed CD-ROMs are: Microsoft Office project professional 2003 (120-day trial) aIncludes bibliographical references and index. 7aSystem analysis.2BUEsh 7aSystem design.2BUEsh bCOMSCIcAugust20201 aJackson, Robert B.,d1942-eauthor.1 aBurd, Stephen D.,eauthor. 2ddccBB 00102ddc40708unknownaMAINbMAINcLOWd2020-09-02ePurchasel0o004.21 SATp000049541r2025-07-15 00:00:00w2020-09-02yBB 00102ddc40708unknownaMAINbMAINcLOWd2020-09-02ePurchasel0o004.21 SATp000049542r2022-08-24 00:00:00w2020-09-02yCDVDWBB